000 00669nam a22002177a 4500
003 UA-OsUOA
001 97598
007 ta
008 20130403b un ||||| |||| 00| 0 ukr d
100 _aБрунець Т.
090 _a81
_bБ89
942 _cSA
040 _aUA-OsUOA
_bukr
_cUA-OsUOA
_dUA-OsUOA
245 _aПрийменник як службова частина мови
300 _aС.4-7
955 _a0
041 _aukr
080 _a81
773 0 _w97597
_tУкраїнська мова та література
_dК.
_d2013
_g6
650 7 _a8 Мовознавство. Художня література. Літературознавство
_2UDC
999 _c383844
_d383844